000 00292nam a22001337a 4500
008 190304b xxu||||| |||| 00| 0 eng d
020 _a978078170399
041 _aeng
080 _a615
100 _a5
101 _aFAR
245 _aPsychotropic drug facts
_cBailey,K,P
942 _2udc
_cBK
999 _c54427
_d54427